01302nam a2200385 a 450000100060000000300080000600500170001400600190003100700150005000800410006502000180010603500230012403500240014703500250017103500220019604000260021805000210024408000100026508200150027510000320029024501020032226000390042430000110046349000480047453301640052265000160068665000120070265000170071465000110073165500270074271000190076983000490078885600620083799900170089926704FlNmELB20241216215925.0m o d | cr cn|||||||||130315s2012 ck s 000 0 spa d z9789586487948 a(MiAaPQ)EBC3208635 a(Au-PeEL)EBL3208635 a(CaPaEBR)ebr10663540 a(OCoLC)1010611772 aFlNmELBbspacFlNmELB 4aHF5823bY31 2012 a659.104a659.132221 aYate Arévalo, Abdénago.10aMaterial P.O.P. publicidad en punto de ventah[recurso electronico] /cAbdénago Yate Arévalo. aBogotá :bEcoe Ediciones,c2012. a110 p.1 aCiencias administrativas. Mercadeo y ventas aRecurso electrónico. Santa Fe, Arg.: e-libro, 2015. Disponible vía World Wide Web. El acceso puede estar limitado para las bibliotecas afiliadas a e-libro. 4aPublicidad. 4aVentas. 0aAdvertising. 0aSales. 4aLibros electrónicos.2 ae-libro, Corp. 0aCiencias administrativas. Mercadeo y ventas.40uhttps://elibro.net/ereader/politecnicointernacional/69234 c26704d26704